Scham's outline of theory and problems programming with basic (Record no. 68390)

000 -LEADER
fixed length control field 00516nam a22001817a 4500
003 - CONTROL NUMBER IDENTIFIER
control field NUST - PNEC
005 - DATE AND TIME OF LATEST TRANSACTION
control field 20170116181051.0
008 - FIXED-LENGTH DATA ELEMENTS--GENERAL INFORMATION
fixed length control field 150929b xxu||||| |||| 00| 0 eng d
020 ## - INTERNATIONAL STANDARD BOOK NUMBER
International Standard Book Number 007991146
040 ## - CATALOGING SOURCE
Transcribing agency LIBRARY
082 ## - DEWEY DECIMAL CLASSIFICATION NUMBER
Classification number 621.3819 GOT
100 ## - MAIN ENTRY--PERSONAL NAME
9 (RLIN) 11876
Personal name Gottfried, Byron S.
245 ## - TITLE STATEMENT
Title Scham's outline of theory and problems programming with basic
Statement of responsibility, etc. Byron S. Gottfried
250 ## - EDITION STATEMENT
Edition statement Third Edition
260 ## - PUBLICATION, DISTRIBUTION, ETC.
Place of publication, distribution, etc. c.1986
650 ## - SUBJECT ADDED ENTRY--TOPICAL TERM
9 (RLIN) 11880
Topical term or geographic name entry element Theory and problems programming
General subdivision MIS
942 ## - ADDED ENTRY ELEMENTS (KOHA)
Source of classification or shelving scheme
Koha item type Book
Holdings
Withdrawn status Lost status Source of classification or shelving scheme Damaged status Not for loan Permanent Location Current Location Shelving location Date acquired Total Checkouts Full call number Barcode Date last seen Price effective from Koha item type
          Pakistan Navy Engineering College (PNEC) Pakistan Navy Engineering College (PNEC)       621.3819 GOT PNECLIB-010789 09/29/2015   Book
© 2023 Central Library, National University of Sciences and Technology. All Rights Reserved.